| 000 | 01601cam a22004334i 4500 | ||
|---|---|---|---|
| 003 | PE-LiUPU | ||
| 005 | 20250807105622.0 | ||
| 008 | 150617s1970 sp r 000 0 spa d | ||
| 035 | _a(Sirsi) a13391 | ||
| 040 |
_aPE-LiUPU _bspa _cPE-LiUPU _erda |
||
| 049 | _aPRUA | ||
| 082 | 0 | 4 |
_a226.4 _bS938e _221 |
| 100 | 1 |
_aStöger, Alois, _eautor. |
|
| 245 | 1 | 3 |
_aEl Evangelio según San Lucas / _cAlois Stöger. |
| 264 | 1 |
_aBarcelona : _bHerder, _c1970. |
|
| 300 |
_a377 páginas ; _c20 centímetros. |
||
| 336 |
_atext _2rdacontent |
||
| 337 |
_aunmediated _2rdamedia |
||
| 338 |
_avolume _2rdacarrier |
||
| 490 | 0 |
_aEl nuevo testamento y su mensaje ; _v3/1 |
|
| 505 | 0 | _aEl comienzo de la salvación (1,5-4,13) -- La promesa. Nacimiento e infancia. Preparación a la actividad pública de Jesús (3,1-4,13) -- Actividad de Jesús en Galilea (4,14-8,50). Comienzos de la predicación. Profeta, poderoso en palabras y en obras (6,20-8,3) -- Más que profeta -- El mesías sufriente (9,18-50) -- Camino de Jerusalén (9,51-19,27) -- El comienzo (9,51-13,21). | |
| 526 | _aSEG42 | ||
| 526 | _aSEG41 | ||
| 526 | _aSEG40 | ||
| 526 | _aSEG39 | ||
| 526 | _aP94 | ||
| 526 | _aP87 | ||
| 526 | _aP86 | ||
| 526 | _aP85 | ||
| 526 | _aP77 | ||
| 526 | _aP76 | ||
| 526 | _aP35 | ||
| 630 | 1 | 4 |
_aBiblia _pLucas _xComentarios. |
| 910 | _ajck | ||
| 942 |
_2ddc _cBK |
||
| 949 |
_wDEWEY _c1 _i14498 _lCCODEBUL1 _mBUL _p28.00 _r0 _sY _tBOOK _u19760607 _xTEOLOGIA _0COMPRA _o.STAFF. Colección Teología |
||
| 980 |
_818226 _gJaime Vilcazán Jefe de Análisis Documental |
||
| 999 |
_c3753 _d3753 |
||